00287 a2200097 450000500170000002000220001711100090003924500310004826000680007930000420014720250602135725.0 a978-9976-78-085-7 aNBAA aB5 PERFORMANCE MANAGEMENT  aDar es SalaambNational Board of Accountants and Auditorsc2019 a575p.: ill; figures, tables,c29.3 cm